000 00333nam a2200145Ia 4500
008 230718s9999 xx 000 0 und d
041 _aEng.
082 _a368.7
_bWAR-S
100 _aWards, Phoxases
245 0 _aSuprame Cooer guale
260 _aPakistan
_bEastern aw hay
_c2005
300 _a245
650 _aLaw
999 _c26742
_d26742